The medicine of the ancient Egyptians / (Record no. 63022)
[ view plain ]
| 000 -الفاتح | |
|---|---|
| حقل البيانات ثابتة الطول | 01683cam a22003977i 4500 |
| 005 - وقت وتاريخ اخر تعامل مع التسجيلة | |
| رقم الضبط | 20240530110619.0 |
| 008 - عناصر البيانات ثابتة الطول - معلومات عامة | |
| حقل البيانات ثابتة الطول | 150320m20149999ua ab b 001 0 eng |
| 020 ## - الرقم الدولى المعيارى للكتب | |
| الرقم الدولى المعيارى للكتاب | 9789774166402 (v. 1 : hbk.) |
| 020 ## - الرقم الدولى المعيارى للكتب | |
| الرقم الدولى المعيارى للكتاب | 977416640X (v. 1 : hbk.) |
| 040 ## - مصدر الفهرسة | |
| وكالة النسخ | EG-CaGPL |
| 041 1# - رمز اللغة | |
| رمز لغة النص/ المسارات الصوتية أو العنوان الانفرادي | eng |
| رمز لغة الترجمات و/او الاصلية المتوسطة للنص | cze |
| 082 04 - رقم تصنيف ديوى العشرى | |
| رقم التصنيف | 610.932 |
| رقم الطبعة | 21 |
| رقم المادة | CC/S M |
| 100 1# - المدخل الرئيسى - إسم شخصى | |
| الإسم الشخصى | Strouhal, Eugen, |
| التواريخ المصاحبة للاسم | 1931- |
| الدور | author. |
| 240 10 - العنوان الموحد | |
| عنوان موحد | Staroegyptská chirurgie, péče o ženu a dítě. |
| لغة العمل | English |
| 245 14 - بيان العنوان | |
| العنوان | The medicine of the ancient Egyptians / |
| بيان المسئوليه,etc | Eugen Strouhal, Břetislav Vachala, Hana Vymazalová ; translated by Sean Mark Miller and Kateřina Millerová. |
| 246 30 - العنوان الموازى | |
| عنوان صحيح/عنوان مختصر | Surgery, gynecology, obstetrics, and pediatrics |
| 300 ## - الوصف المادى | |
| التعداد | volume <1> : |
| تفاصيل ماديه اخرى للوعاء | illustrations, map ; |
| أبعاد الوعاء | 24 cm |
| 500 ## - تبصرة عامة | |
| تبصرة عامة | Translated from the Czech. |
| 504 ## - تبصرة ببليوجرافية | |
| تبصرة ببليوجرافية,الخ | Includes bibliographical references (pages 209-219) and index. |
| 650 #0 - المدخل الاضافى بالموضوع-مصطلح موضوعى | |
| مصطلح موضوعي | Medicine, Egyptian. |
| 650 12 - المدخل الاضافى بالموضوع-مصطلح موضوعى | |
| مصطلح موضوعي | History, Ancient |
| التقسيم الفرعي الجغرافي | Egypt. |
| 650 #7 - المدخل الاضافى بالموضوع-مصطلح موضوعى | |
| مصدر الرأس أو المصطلح | fast |
| مصطلح موضوعي | Medicine, Egyptian. |
| 650 #7 - المدخل الاضافى بالموضوع-مصطلح موضوعى | |
| مصدر الرأس أو المصطلح | fmesh |
| مصطلح موضوعي | Histoire de la médecine |
| التقسيم الفرعي العام | Égypte. |
| 650 #7 - المدخل الاضافى بالموضوع-مصطلح موضوعى | |
| مصطلح موضوعي | Médecine égyptienne. |
| مصدر الرأس أو المصطلح | ram |
| 650 #7 - المدخل الاضافى بالموضوع-مصطلح موضوعى | |
| مصطلح موضوعي | Chirurgie |
| التقسيم الفرعي الجغرافي | Égypte |
| التقسيم الفرعي العام | Histoire. |
| مصدر الرأس أو المصطلح | ram |
| 700 1# - المدخل الاضافى - اسم شخصى | |
| الإسم الشخصى | Vachala, Břetislav, |
| التواريخ المصاحبة للاسم | 1952- |
| الدور | author. |
| 700 1# - المدخل الاضافى - اسم شخصى | |
| الإسم الشخصى | Vymazalová, Hana, |
| الدور | author. |
| 942 ## - عناصر المدخل الإضافي( كوها) | |
| مصدر التصنيف او مخطط الترفيف | Dewey Decimal Classification |
| Koha [default] item type | كتاب |
| 264 #1 - | |
| -- | Cairo ; |
| -- | New York : |
| -- | The American University in Cairo Press, |
| -- | 2014- |
| 336 ## - | |
| -- | text |
| -- | rdacontent |
| 337 ## - | |
| -- | unmediated |
| -- | rdamedia |
| 338 ## - | |
| -- | volume |
| -- | rdacarrier |
| 505 0# - تبصرة محتويات-الفهرس | |
| تبصرة المحتويات المصاغة | Volume 1. Surgery, gynecology, obstetrics, and pediatrics: The wisdom of the ages -- Papyrus scrolls of the Egyptian physicians -- Ancient Egyptian surgery -- Mother and child care. |
| 650 #7 - المدخل الاضافى بالموضوع-مصطلح موضوعى | |
| -- | (OCoLC)fst01015240 |
| حالة التراجع | حالة الفقد | مصدر التصنيف او خطة الترفيف | حالة تلف | ليس للاعارة | المكان المؤقت | الموقع الحالى | موقع الترفيف | تاريخ الاكتساب | اجمالي اﻻعارات | رقم الطلب | الباركود | تاريخ اخر مشاهدة | تاريخ تفعيل السعر | نوع وعاء كوها |
|---|---|---|---|---|---|---|---|---|---|---|---|---|---|---|
| ddc | مكتبة القاهرة الكبرى | مكتبة القاهرة الكبرى | 12/17/2016 | 610.932 CC/S M | 162968 | 12/17/2016 | 12/17/2016 | كتاب |

